| 000 | 00949 a2200205 4500 | ||
|---|---|---|---|
| 003 | NUST | ||
| 005 | 20230309123525.0 | ||
| 010 | _a 59003692 | ||
| 040 | _cNust | ||
| 082 | _a355,WOR | ||
| 100 |
_aWorley, Marvin L. _948769 |
||
| 245 |
_aA digest of new developments in Army weapons : _btactics, organization and equipment / _cMarvin L. Worley, |
||
| 250 | _a2nd ed. | ||
| 260 |
_aPa., Stackpole Co _bHarrisburg, _c1959 |
||
| 300 |
_a378 p.: _billus _c22 cm |
||
| 505 | _aArmy Research and Development (Page-1), Artillery (Page-17), Infantry Tactics (Page-87), Armor (Page-131), Airborne Air Mobility (Page-159), Need to Know for Nuclear Warfare (Page-204), Chemical (Page-221), Engineers (Page-242), Signal (Page-275), Quartermaster (Page-329), Transportation (Page-354). | ||
| 600 |
_aWorley, Marvin L. _948769 |
||
| 650 |
_aA digest of new developments in Army weapons, tactics, organization and equipment _9105766 |
||
| 942 |
_2ddc _cBK _k355,WOR |
||
| 999 |
_c185144 _d185144 |
||